000 00929nam a22002531u 4500
001 04894
003 HDC
007 cr bn ---
008 210118p my go d 00 mayg
040 _aHDC
110 _aUniversiti Putra Malaysia (UPM).
_bHALAL PRODUCTS RESEARCH INSTITUTE
245 0 _aHALAL HUB OPPORTUNITIES /
_cby YAAKOB CHE MAN, JAMIL BOJEI, AWIS QURNI SAZILI and AHMAD NIZAM ABDULLAH
260 _a[No Place] :
_b[publisher not identified],
_c2007
300 _a37 pages :
_billustrations
336 _atext
_2rdacontent
337 _acomputer
_2rdamedia
338 _aonline resource
_2rdacarrier
650 _aHalal food industry
_9128
650 _aHalal food
_950
856 _zRequest full-text at [email protected]
942 _2lcc
942 _cSLIDE
942 _kSLID 000360
999 _c2218
_d2218